BROWN'S ATLAS OF REGINAAL ANESTHESIA (Record no. 23192)

MARC details
000 -LEADER
fixed length control field 00408nam a22001697a 4500
003 - CONTROL NUMBER IDENTIFIER
control field SGT
020 ## - INTERNATIONAL STANDARD BOOK NUMBER
International Standard Book Number 9780323654357
082 ## - DEWEY DECIMAL CLASSIFICATION NUMBER
Classification number 617.96
Item number B21F
100 ## - MAIN ENTRY--PERSONAL NAME
Personal name FARAG, EHAB
245 ## - TITLE STATEMENT
Title BROWN'S ATLAS OF REGINAAL ANESTHESIA
250 ## - EDITION STATEMENT
Edition statement 6TH
260 ## - PUBLICATION, DISTRIBUTION, ETC. (IMPRINT)
Place of publication, distribution, etc PHILADELPHIA
Name of publisher, distributor, etc ELSEVIER PUB
Year of Publication 2021
300 ## - PAGE DESCRIPTION
No. of Pages 312
650 ## - SUBJECT ADDED ENTRY--TOPICAL TERM
Topical term or geographic name as entry element ANESTHESIOLOGY
653 ## - KEYWORDS--INDEX TERM
Keyword term BROWN'S ATLAS OF REGINAAL ANESTHESIA
942 ## - ADDED ENTRY ELEMENTS (KOHA)
Source of classification or shelving scheme Dewey Decimal Classification
Koha item type Books
Holdings
Withdrawn status Lost status Source of classification or shelving scheme Damaged status Not for loan Collection code Home library Current library Shelving location Date acquired Vendor Name Cost, normal purchase price Volume Information (Serial or Books or Non-Book Material) SGTU Bill Number Total Checkouts Full call number Accession No. (Barcode) Date last seen Bill Date Koha item type
    Dewey Decimal Classification   Not For Loan MEDICAL SGT Medical Library SGT Medical Library Reference Book 29/08/2022 ABC DELHI 16239.00 $-199.99 SGTU 14699   617.96 B21F FM13042 29/08/2022 30/06/2022 Books